มุมมองปกติ
มุมมองแบบ MARC
- กระทรวงพาณิชย์.
รายการ Corporate Name
001 - CONTROL NUMBER
- control field: 1207
003 - CONTROL NUMBER IDENTIFIER
- control field: NALT
005 - DATE AND TIME OF LATEST TRANSACTION
- control field: 20170721100751.0
008 - FIXED-LENGTH DATA ELEMENTS
- fixed length control field: 170620|| aca||aabn | a|a d
040 ## - CATALOGING SOURCE
- Original cataloging agency: NALT
110 ## - HEADING--CORPORATE NAME
- Corporate name or jurisdiction name as entry element: กระทรวงพาณิชย์.
- Subordinate unit: องค์การคลังสินค้า
